000 00420pab a2200169 454500
008 180718b2002 xxu||||| |||| 00| 0 eng d
100 _aPillai, Latha
245 _a2002: The year of quality in higher education
260 _c2002
300 _ap.1-2.
362 _aAug
650 _aEducational quality
650 _aHigher education
700 _aPonmundiraj, B.S.
773 _aUniversity News
909 _a53223
999 _c53223
_d53223